[Event "Nutcracker Rapid w 2016"]
[Site "Moscow RUS"]
[Date "2016.12.21"]
[Round "1.1"]
[White "Strutinskaia, Galina"]
[Black "Solozhenkina, Elizaveta"]
[Result "0-1"]
[WhiteTitle "WGM"]
[BlackTitle "WIM"]
[WhiteElo "2266"]
[BlackElo "2269"]
[WhiteTeam "Queens"]
[BlackTeam "Princesses"]
[WhiteFideId "4108558"]
[BlackFideId "34106615"]
[EventDate "2016.12.21"]

1. d4 Nf6 2. c4 e6 3. g3 d5 4. Bg2 Be7 5. Nf3 O-O 6. O-O dxc4 7. Qc2 b6 8. Qxc4
Bb7 9. Nc3 Nbd7 10. Rd1 c5 11. Bf4 Rc8 12. Qa4 cxd4 13. Rxd4 Bc5 14. Rd2 Bc6 15.
Qd1 Qe7 16. a3 a5 17. Bd6 Bxd6 18. Rxd6 Rfd8 19. Rc1 Nc5 20. Rxd8+ Rxd8 21. Qc2
a4 22. Rd1 Rxd1+ 23. Qxd1 Nd5 24. Nxd5 Bxd5 25. Qd4 h6 26. h4 Qb7 27. Qb4 Bc6
28. Qd4 Bd5 29. Ne1 Bxg2 30. Nxg2 Qd7 31. Qe5 Kh7 32. Nf4 Qd8 33. f3 Qd1+ 34.
Kf2 Qd8 35. h5 Qd7 36. Qc3 Qd1 37. Qb4 Qd6 38. Ng2 Qc6 39. Ne3 Nb3 40. Qf4 Kg8
41. Qb8+ Kh7 42. Qe5 Na5 43. Qd4 Nb3 44. Qc4 Qd7 45. Qe4+ Kg8 46. Nc4 Qb5 47.
Nd6 Qc5+ 48. Kg2 Qxd6 49. Qxa4 Nc5 50. Qe8+ Qf8 51. Qc6 Qd8 52. b4 Nd7 53. a4
Ne5 54. Qb5 Qc7 55. a5 bxa5 56. bxa5 Nc6 57. a6 Nb8 58. g4 Qa7 59. Qe8+ Kh7 60.
Qc8 Nxa6 61. Qc2+ Kg8 62. Qc8+ Kh7 63. Qc2+ g6 64. hxg6+ fxg6 65. Qc6 Nc5 66.
Qe8 Qd7 67. Qf8 Nb3 68. Qf6 Nd4 69. Kf2 Nc6 70. Kg2 Nb4 71. Qe5 Nd5 72. Kh3 Qf7
73. Kg3 Qf6 74. Qd6 Kg7 75. e4 Ne7 76. Kg2 g5 77. Qd7 Qf7 78. Qd4+ Kh7 79. Qd7
Qf6 80. Kg3 Kg6 81. Kg2 Qb2+ 82. Kg3 Qe5+ 83. Kg2 Kf7 84. Qb7 Qf4 85. Qd7 h5 86.
gxh5 g4 87. fxg4 Qxg4+ 88. Kf2 Qf4+ 89. Kg1 Qg3+ 90. Kf1 Qf3+ 91. Kg1 Qxe4 92.
Qd1 Qe3+ 93. Kg2 Qg5+ 94. Kf2 Nf5 95. Qd7+ Qe7 96. Qd1 Qh4+ 97. Kg1 Qg3+ 98. Kh1
Qh4+ 99. Kg1 Qg5+ 100. Kh2 Qh4+ 101. Kg1 Qd4+ 0-1

[Event "Nutcracker Rapid w 2016"]
[Site "Moscow RUS"]
[Date "2016.12.21"]
[Round "1.2"]
[White "Galliamova, Alisa"]
[Black "Shuvalova, Polina"]
[Result "1-0"]
[WhiteTitle "IM"]
[BlackTitle "WIM"]
[WhiteElo "2443"]
[BlackElo "2383"]
[WhiteTeam "Queens"]
[BlackTeam "Princesses"]
[WhiteFideId "4129725"]
[BlackFideId "24171760"]
[EventDate "2016.12.21"]

1. d4 Nf6 2. c4 g6 3. g3 c6 4. d5 d6 5. Bg2 Bg7 6. Nc3 cxd5 7. cxd5 O-O 8. Nf3
b5 9. a3 a6 10. O-O Bb7 11. Nd4 Qb6 12. h3 Nbd7 13. Be3 Qa5 14. b4 Qd8 15. Nc6
Bxc6 16. dxc6 Ne5 17. a4 Nc4 18. Qd3 Nxe3 19. Qxe3 d5 20. Rad1 e6 21. axb5 axb5
22. Nxb5 Qe7 23. Qd3 Rfc8 24. Rc1 Qxb4 25. Rb1 Qe7 26. Rfc1 h5 27. e4 dxe4 28.
Bxe4 Nxe4 29. Qxe4 h4 30. g4 f5 31. Qe2 e5 32. c7 e4 33. Rc6 Kh7 34. gxf5 Qg5+
35. Qg4 Qd2 36. Rd1 Qb2 37. Qxg6+ Kh8 38. f6 Rg8 39. fxg7+ Rxg7 40. Rd8+ 1-0

[Event "Nutcracker Rapid w 2016"]
[Site "Moscow RUS"]
[Date "2016.12.21"]
[Round "1.3"]
[White "Maltsevskaya, Aleksandra"]
[Black "Kovalevskaya, Ekaterina"]
[Result "1/2-1/2"]
[BlackTitle "IM"]
[WhiteElo "2251"]
[BlackElo "2430"]
[WhiteTeam "Princesses"]
[BlackTeam "Queens"]
[WhiteFideId "24174041"]
[BlackFideId "4116704"]
[EventDate "2016.12.21"]

1. e4 c5 2. Nf3 Nc6 3. c3 d5 4. exd5 Qxd5 5. d4 cxd4 6. cxd4 e6 7. Nc3 Qd8 8.
Be3 Nf6 9. a3 Be7 10. Bd3 O-O 11. Qc2 Kh8 12. Ne4 Nxe4 13. Bxe4 f5 14. Bxc6 bxc6
15. O-O Qd5 16. Bf4 c5 17. Rfe1 cxd4 18. Qc7 Bf6 19. Be5 Bb7 20. Bxf6 gxf6 21.
Rac1 Rac8 22. Qe7 Rce8 23. Qc5 Rg8 24. Qxd5 Bxd5 25. Kf1 e5 26. Rc5 Bxf3 27.
gxf3 Rc8 28. Rec1 Rxc5 29. Rxc5 Rb8 30. b4 f4 31. Ke2 Rb7 32. Kd3 Kg7 33. Ke4
Rd7 34. Kd3 Kg6 35. a4 Kf5 36. b5 Rg7 37. a5 Rg1 38. Kc2 Rg7 39. b6 axb6 40.
axb6 Rb7 41. Rc6 e4 42. fxe4+ Kxe4 43. Rxf6 Rd7 44. Rc6 Rb7 45. Rf6 Rd7 46. Rc6
Rb7 1/2-1/2

[Event "Nutcracker Rapid w 2016"]
[Site "Moscow RUS"]
[Date "2016.12.21"]
[Round "1.4"]
[White "Dimitrova, Aleksandra"]
[Black "Zaiatz, Elena"]
[Result "0-1"]
[WhiteTitle "WFM"]
[BlackTitle "IM"]
[WhiteElo "2319"]
[BlackElo "2313"]
[WhiteTeam "Princesses"]
[BlackTeam "Queens"]
[WhiteFideId "24173371"]
[BlackFideId "4139518"]
[EventDate "2016.12.21"]

1. e4 e5 2. Nf3 Nc6 3. Bb5 a6 4. Ba4 Nf6 5. O-O Be7 6. Re1 b5 7. Bb3 d6 8. c3
O-O 9. h3 Nb8 10. d4 Nbd7 11. Nbd2 Bb7 12. Bc2 Re8 13. Nf1 Bf8 14. Ng3 g6 15. b3
c6 16. Bb2 Bg7 17. c4 exd4 18. Bxd4 bxc4 19. bxc4 Qc7 20. Rb1 Rad8 21. Qc1 Qc8
22. Qb2 Ba8 23. Qa3 Ne5 24. Nxe5 dxe5 25. Be3 Nd7 26. c5 Nf8 27. Rb6 Ne6 28.
Rxa6 Bf8 29. Ra5 Bb7 30. Bd3 Qc7 31. Bc4 Ra8 32. Rxa8 Rxa8 33. Qb4 Bc8 34. Qb6
Qd7 35. Rb1 Nd4 36. Rb2 Kg7 37. Rd2 Qa7 38. Bxd4 exd4 39. Qxc6 Bxc5 40. e5 Be7
41. Qf3 Bg5 42. Rd1 Be6 43. Bb3 Rd8 44. Ne4 Be7 45. Qd3 Qa5 46. f4 Bc8 47. Ng3
Ba6 48. Qf3 d3 49. Nf1 Qc5+ 50. Qf2 Qc3 51. Qd2 Bc5+ 52. Kh2 Qd4 53. Ng3 h5 54.
h4 Bb4 55. Qc1 Rc8 56. Qa1 Bc3 57. Qb1 Qxf4 58. Rf1 Qxh4+ 59. Kg1 Bd4+ 60. Rf2
Bxf2+ 0-1

[Event "Nutcracker Rapid w 2016"]
[Site "Moscow RUS"]
[Date "2016.12.21"]
[Round "2.1"]
[White "Shuvalova, Polina"]
[Black "Strutinskaia, Galina"]
[Result "1-0"]
[WhiteTitle "WIM"]
[BlackTitle "WGM"]
[WhiteElo "2383"]
[BlackElo "2266"]
[WhiteTeam "Princesses"]
[BlackTeam "Queens"]
[WhiteFideId "24171760"]
[BlackFideId "4108558"]
[EventDate "2016.12.21"]

1. e4 c5 2. Nf3 e6 3. d3 Nc6 4. g3 Nf6 5. Bg2 d5 6. Nbd2 Be7 7. O-O O-O 8. Re1
Rb8 9. e5 Ne8 10. h4 b5 11. Nf1 b4 12. N1h2 f5 13. exf6 gxf6 14. Bh6 Ng7 15. d4
Rf7 16. Bh3 f5 17. Bf4 Rb7 18. Ne5 Nxd4 19. Nxf7 Kxf7 20. Nf3 Nxf3+ 21. Qxf3 Kg8
22. Be5 c4 23. Rad1 Bf6 24. Qf4 Rf7 25. b3 Bxe5 26. Qxe5 c3 27. a3 bxa3 28. Qxc3
f4 29. Qe5 Nf5 30. Kh2 fxg3+ 31. fxg3 Qb6 32. Rd2 Ng7 33. Ree2 Bd7 34. c4 d4 35.
Rxd4 Qxb3 36. c5 a2 37. Rdd2 Bb5 38. Rd8+ Rf8 39. Rxf8+ Kxf8 40. Rf2+ Kg8 41.
Qb8+ Ne8 42. Qf4 Kg7 43. Qg5+ 1-0

[Event "Nutcracker Rapid w 2016"]
[Site "Moscow RUS"]
[Date "2016.12.21"]
[Round "2.3"]
[White "Kovalevskaya, Ekaterina"]
[Black "Dimitrova, Aleksandra"]
[Result "1/2-1/2"]
[WhiteTitle "IM"]
[BlackTitle "WFM"]
[WhiteElo "2430"]
[BlackElo "2319"]
[WhiteTeam "Queens"]
[BlackTeam "Princesses"]
[WhiteFideId "4116704"]
[BlackFideId "24173371"]
[EventDate "2016.12.21"]

1. c4 e5 2. g3 Nf6 3. Bg2 d5 4. cxd5 Nxd5 5. Nf3 Nc6 6. O-O Nb6 7. b3 Be7 8. Bb2
f6 9. d4 e4 10. Ne1 f5 11. Nc2 O-O 12. Nc3 Bf6 13. e3 Ne7 14. f3 exf3 15. Qxf3
c6 16. e4 fxe4 17. Qe2 Bf5 18. Nxe4 Nbd5 19. Rae1 Bxe4 20. Bxe4 Qd7 21. Ne3 Nxe3
22. Qxe3 Rad8 23. Kh1 Nd5 24. Qd3 g6 25. Ba3 Rf7 26. Bc5 Bg7 27. Rxf7 Qxf7 28.
Bg2 a6 29. Qe2 Bf6 30. Qf2 Kg7 31. h3 Re8 32. Rxe8 Qxe8 33. Bxd5 cxd5 34. Qf4
Qe1+ 35. Kg2 Qe2+ 36. Qf2 Qe4+ 37. Qf3 Qc2+ 38. Qf2 Qe4+ 1/2-1/2

[Event "Nutcracker Rapid w 2016"]
[Site "Moscow RUS"]
[Date "2016.12.21"]
[Round "2.4"]
[White "Zaiatz, Elena"]
[Black "Solozhenkina, Elizaveta"]
[Result "1-0"]
[WhiteTitle "IM"]
[BlackTitle "WIM"]
[WhiteElo "2313"]
[BlackElo "2269"]
[WhiteTeam "Queens"]
[BlackTeam "Princesses"]
[WhiteFideId "4139518"]
[BlackFideId "34106615"]
[EventDate "2016.12.21"]

1. d4 Nf6 2. c4 e6 3. g3 d5 4. Bg2 Be7 5. Nf3 O-O 6. O-O dxc4 7. Qa4 b6 8. Ne5
Nd5 9. Qxc4 Bb7 10. Rd1 Qc8 11. e4 Nf6 12. Nc3 Nfd7 13. Nf3 c6 14. Bf4 a5 15.
Qe2 Ba6 16. Qe1 b5 17. Rac1 Nb6 18. d5 b4 19. Nb1 exd5 20. exd5 Bf6 21. b3 Re8
22. Be3 c5 23. Rxc5 Qxc5 24. Bxc5 Rxe1+ 25. Nxe1 N8d7 26. Be3 a4 27. Nc2 axb3
28. axb3 Bc3 29. Nd4 Nf6 30. d6 Re8 31. Nc6 Nfd7 32. Nxc3 bxc3 33. Rc1 Re6 34.
Nb4 Bb5 35. Rxc3 Rxd6 36. h4 h6 37. Nc6 Rd1+ 38. Kh2 Kh7 39. Nd4 Bf1 40. Be4+ g6
41. Bf3 Rb1 42. Rc7 Ne5 43. Bf4 Nxf3+ 44. Nxf3 Rxb3 45. Ne5 Nd5 46. Rxf7+ Kg8
47. Bxh6 1-0

[Event "Nutcracker Rapid w 2016"]
[Site "Moscow RUS"]
[Date "2016.12.21"]
[Round "3.1"]
[White "Strutinskaia, Galina"]
[Black "Maltsevskaya, Aleksandra"]
[Result "1/2-1/2"]
[WhiteTitle "WGM"]
[WhiteElo "2266"]
[BlackElo "2251"]
[WhiteTeam "Queens"]
[BlackTeam "Princesses"]
[WhiteFideId "4108558"]
[BlackFideId "24174041"]
[EventDate "2016.12.21"]

1. d4 Nf6 2. c4 g6 3. Nc3 Bg7 4. e4 d6 5. f4 c5 6. d5 O-O 7. Nf3 e6 8. dxe6 Bxe6
9. Bd3 Nc6 10. O-O Nd4 11. h3 a6 12. g4 h6 13. f5 Bd7 14. Be3 Bc6 15. Qd2 Nxf3+
16. Rxf3 Kh7 17. Nd5 Nd7 18. fxg6+ fxg6 19. Rxf8 Qxf8 20. Rf1 Qg8 21. g5 hxg5
22. Bxg5 Rf8 23. Qe1 Rxf1+ 24. Bxf1 Qe6 25. Qh4+ Kg8 26. Ne7+ Kf7 27. Qf4+ Ke8
28. Nd5 Bxd5 29. cxd5 Qe5 30. Qg4 Nf8 31. b3 Qd4+ 32. Kh1 Qf2 33. Qg2 Qxg2+ 34.
Kxg2 Nd7 35. h4 Ne5 36. Be2 b5 37. h5 gxh5 38. Bxh5+ Kd7 39. Kf2 c4 40. bxc4
bxc4 41. Ke2 c3 42. Kd1 Nd3 43. Kc2 Nb4+ 44. Kb3 Nd3 45. Kc2 Ne1+ 46. Kd1 Nd3
47. Kc2 Nb4+ 48. Kb3 Nd3 49. Kc2 Ne1+ 50. Kd1 Nd3 51. Kc2 Nc5 52. Bf3 a5 53. Be3
Be5 54. Bxc5 dxc5 55. Be2 Kc7 56. Bc4 Kb6 57. a4 Kc7 58. Kd3 Bd4 59. Bb3 Bg7 60.
Kc4 Kb6 61. Bc2 Be5 62. Bd1 Bf6 63. Bc2 Be5 64. Bd1 Bf6 65. Bc2 Be5 66. Bd1 1/2-1/2

[Event "Nutcracker Rapid w 2016"]
[Site "Moscow RUS"]
[Date "2016.12.21"]
[Round "3.2"]
[White "Galliamova, Alisa"]
[Black "Dimitrova, Aleksandra"]
[Result "1-0"]
[WhiteTitle "IM"]
[BlackTitle "WFM"]
[WhiteElo "2443"]
[BlackElo "2319"]
[WhiteTeam "Queens"]
[BlackTeam "Princesses"]
[WhiteFideId "4129725"]
[BlackFideId "24173371"]
[EventDate "2016.12.21"]

1. g3 d5 2. d4 Nf6 3. Bg2 c6 4. Nf3 Bg4 5. h3 Bxf3 6. Bxf3 Nbd7 7. Bg2 e5 8.
dxe5 Nxe5 9. O-O Bc5 10. b3 O-O 11. Bb2 Qc7 12. Nd2 h5 13. e3 Rfe8 14. Nf3 Bd6
15. Nd4 Ng6 16. Rc1 Rad8 17. c4 dxc4 18. Rxc4 Qa5 19. Qb1 Ne5 20. Ra4 Qb6 21.
Nf5 Bf8 22. Rd4 c5 23. Rxd8 Qxd8 24. Bxb7 g6 25. Nh4 Nfd7 26. Bg2 c4 27. bxc4
Nxc4 28. Ba1 Nd2 29. Qb2 Ne5 30. Rd1 Ndf3+ 31. Bxf3 Nxf3+ 32. Kg2 Nxh4+ 33. gxh4
Qa8+ 34. Kg1 f6 35. Qxf6 Re7 36. Qh8+ Kf7 37. Qh7+ Ke8 38. Qxg6+ Rf7 39. Rc1 Qf3
40. Qe6+ 1-0

[Event "Nutcracker Rapid w 2016"]
[Site "Moscow RUS"]
[Date "2016.12.21"]
[Round "3.3"]
[White "Solozhenkina, Elizaveta"]
[Black "Kovalevskaya, Ekaterina"]
[Result "0-1"]
[WhiteTitle "WIM"]
[BlackTitle "IM"]
[WhiteElo "2269"]
[BlackElo "2430"]
[WhiteTeam "Princesses"]
[BlackTeam "Queens"]
[WhiteFideId "34106615"]
[BlackFideId "4116704"]
[EventDate "2016.12.21"]

1. e4 c5 2. Nf3 Nc6 3. Bb5 g6 4. Bxc6 bxc6 5. O-O Bg7 6. Re1 Nh6 7. c3 O-O 8. d4
cxd4 9. cxd4 d5 10. e5 f6 11. h3 Nf5 12. Nc3 fxe5 13. dxe5 c5 14. Bg5 Bb7 15.
Rc1 Rc8 16. Qb3 Ba8 17. Rcd1 c4 18. Qb5 Bc6 19. Qa6 h6 20. Bc1 e6 21. Qxa7 Rf7
22. Qa6 Qc7 23. Nb5 Qb8 24. Nbd4 Nxd4 25. Nxd4 Ra7 26. Nxc6 Rxa6 27. Nxb8 Rxb8
28. a3 Rb3 29. Re2 g5 30. g3 Bf8 31. Rc2 Bc5 32. Kg2 Ra7 33. Bd2 Bd4 34. Bxg5
Rxb2 35. Rxb2 Bxb2 36. Bxh6 Rxa3 37. Rb1 c3 38. Bc1 Bxc1 39. Rxc1 d4 40. Kf3 d3
41. Ke3 d2 42. Rf1 d1=Q 43. Rxd1 c2+ 44. Kd2 cxd1=Q+ 45. Kxd1 Ra5 46. f4 Ra3 0-1

[Event "Nutcracker Rapid w 2016"]
[Site "Moscow RUS"]
[Date "2016.12.21"]
[Round "3.4"]
[White "Shuvalova, Polina"]
[Black "Zaiatz, Elena"]
[Result "1/2-1/2"]
[WhiteTitle "WIM"]
[BlackTitle "IM"]
[WhiteElo "2383"]
[BlackElo "2313"]
[WhiteTeam "Princesses"]
[BlackTeam "Queens"]
[WhiteFideId "24171760"]
[BlackFideId "4139518"]
[EventDate "2016.12.21"]

1. e4 e5 2. Nf3 Nc6 3. Bb5 a6 4. Ba4 Nf6 5. O-O Be7 6. Re1 b5 7. Bb3 d6 8. c3
O-O 9. h3 Nb8 10. d4 Nbd7 11. Nbd2 Bb7 12. Bc2 Re8 13. Nf1 Bf8 14. Ng3 g6 15. b3
Bg7 16. d5 c6 17. c4 bxc4 18. bxc4 Qc7 19. Be3 Nc5 20. Rb1 a5 21. Qd2 Ba6 22.
Bxc5 dxc5 23. Ba4 Red8 24. Bxc6 Rab8 25. Qc3 Rb4 26. Nd2 Bh6 27. Ngf1 Rdb8 28.
f3 Nh5 29. a3 Rxb1 30. Rxb1 Rxb1 31. Nxb1 Nf4 32. Qc2 Qd8 33. Nbd2 Qg5 34. Nb3
Bxc4 35. h4 Nh3+ 36. Kh2 Qf4+ 37. g3 Qxf3 38. Qxc4 Nf2 39. Kg1 Nh3+ 40. Kh2 Nf2
41. Kg1 Nh3+ 42. Kh2 1/2-1/2

[Event "Nutcracker Rapid w 2016"]
[Site "Moscow RUS"]
[Date "2016.12.21"]
[Round "4.1"]
[White "Dimitrova, Aleksandra"]
[Black "Strutinskaia, Galina"]
[Result "1-0"]
[WhiteTitle "WFM"]
[BlackTitle "WGM"]
[WhiteElo "2319"]
[BlackElo "2266"]
[WhiteTeam "Princesses"]
[BlackTeam "Queens"]
[WhiteFideId "24173371"]
[BlackFideId "4108558"]
[EventDate "2016.12.21"]

1. e4 c5 2. Nf3 a6 3. c3 e6 4. d4 Qc7 5. Bd3 d6 6. O-O g6 7. Bf4 Nd7 8. dxc5
Nxc5 9. Bc2 e5 10. Be3 Nf6 11. Nfd2 Ng4 12. Bg5 h6 13. Bh4 g5 14. Bg3 Be6 15.
Qe2 Be7 16. a4 h5 17. f3 h4 18. Be1 Nf6 19. Bf2 Nh5 20. g3 hxg3 21. hxg3 Qd7 22.
b4 Bh3 23. bxc5 Bxf1 24. Qxf1 dxc5 25. Nc4 Qe6 26. Ne3 Ng7 27. Nd2 Rd8 28. Nd5
Qh6 29. Qg2 Ne6 30. Nc4 f6 31. Nce3 Ng7 32. Rb1 Rd7 33. Rb6 Bd8 34. Ng4 Rxd5 35.
Nxh6 Rd2 36. Rb2 Rxh6 37. Qf1 Kf7 38. Bb3+ 1-0

[Event "Nutcracker Rapid w 2016"]
[Site "Moscow RUS"]
[Date "2016.12.21"]
[Round "4.2"]
[White "Solozhenkina, Elizaveta"]
[Black "Galliamova, Alisa"]
[Result "1/2-1/2"]
[WhiteTitle "WIM"]
[BlackTitle "IM"]
[WhiteElo "2269"]
[BlackElo "2443"]
[WhiteTeam "Princesses"]
[BlackTeam "Queens"]
[WhiteFideId "34106615"]
[BlackFideId "4129725"]
[EventDate "2016.12.21"]

1. e4 e5 2. Nf3 Nc6 3. Bb5 a6 4. Ba4 Nf6 5. O-O Be7 6. Re1 b5 7. Bb3 O-O 8. d4
d6 9. c3 Bg4 10. Be3 Bh5 11. h3 exd4 12. cxd4 Na5 13. Bc2 Nc4 14. Bc1 d5 15. e5
Ne4 16. b3 Nb6 17. Bxe4 dxe4 18. Rxe4 c5 19. Bb2 c4 20. Nbd2 Bb4 21. Rc1 Rc8 22.
bxc4 bxc4 23. a3 Be7 24. Re1 Qd7 25. Ne4 Na4 26. Qe2 Bxf3 27. gxf3 Qxh3 28. Ba1
Nb6 29. Ng3 Bg5 30. Qe4 Bxc1 31. Rxc1 Qe6 32. f4 Qd5 33. Qe2 Rc6 34. f3 Rfc8 35.
Nf5 Rg6+ 36. Kf2 Qe6 37. Nh4 Rh6 38. f5 Qd7 39. Qe4 Rxh4 40. Qxh4 Qxf5 41. Qg4
Qxg4 42. fxg4 Rd8 43. Ke3 Rd5 44. Ke4 Rb5 45. Bc3 a5 46. g5 h6 47. gxh6 gxh6 48.
Bd2 h5 49. Rg1+ Kf8 50. Rh1 Nd5 51. Rc1 Nb6 52. Rh1 Ke7 53. Rxh5 Na4 54. d5 c3
55. d6+ Kd7 56. Bf4 Nc5+ 57. Kf5 Ne6 58. Rh7 Nxf4 59. Rxf7+ Ke8 60. Re7+ Kd8 61.
Kxf4 Rc5 62. Rc7 Rxc7 63. dxc7+ Kxc7 64. Ke3 Kc6 65. Kd3 Kd5 66. Kxc3 Kxe5 67.
Kc4 Kd6 1/2-1/2

[Event "Nutcracker Rapid w 2016"]
[Site "Moscow RUS"]
[Date "2016.12.21"]
[Round "4.3"]
[White "Kovalevskaya, Ekaterina"]
[Black "Shuvalova, Polina"]
[Result "1/2-1/2"]
[WhiteTitle "IM"]
[BlackTitle "WIM"]
[WhiteElo "2430"]
[BlackElo "2383"]
[WhiteTeam "Queens"]
[BlackTeam "Princesses"]
[WhiteFideId "4116704"]
[BlackFideId "24171760"]
[EventDate "2016.12.21"]

1. e4 e5 2. Nf3 Nc6 3. Nc3 Nf6 4. d4 exd4 5. Nxd4 Bb4 6. Nxc6 bxc6 7. Bd3 d5 8.
exd5 cxd5 9. O-O O-O 10. Bg5 c6 11. Qf3 Bd6 12. h3 Rb8 13. b3 Be5 14. Bf4 Bxf4
15. Qxf4 1/2-1/2

[Event "Nutcracker Rapid w 2016"]
[Site "Moscow RUS"]
[Date "2016.12.21"]
[Round "4.4"]
[White "Zaiatz, Elena"]
[Black "Maltsevskaya, Aleksandra"]
[Result "1-0"]
[WhiteTitle "IM"]
[WhiteElo "2313"]
[BlackElo "2251"]
[WhiteTeam "Queens"]
[BlackTeam "Princesses"]
[WhiteFideId "4139518"]
[BlackFideId "24174041"]
[EventDate "2016.12.21"]

1. d4 Nf6 2. c4 g6 3. Nc3 Bg7 4. e4 d6 5. Be2 O-O 6. Be3 Na6 7. g4 c5 8. d5 e6
9. g5 Ne8 10. h4 exd5 11. Qxd5 Be6 12. Qd2 Qa5 13. Nh3 Bxh3 14. Rxh3 Nec7 15. h5
Rfe8 16. Kf1 Rad8 17. Kg2 Nb4 18. Rah1 b5 19. hxg6 hxg6 20. Qd1 bxc4 21. Qg1 Ne6
22. Qh2 Kf8 23. a3 Bxc3 24. axb4 Bxb4 25. Bxc4 Qc7 26. Bd5 Qd7 27. Rh7 Ng7 28.
Qf4 Re6 29. Bxe6 Qxe6 30. Rh8+ Ke7 31. Qf6+ 1-0

[Event "Nutcracker Rapid w 2016"]
[Site "Moscow RUS"]
[Date "2016.12.22"]
[Round "5.1"]
[White "Strutinskaia, Galina"]
[Black "Dimitrova, Aleksandra"]
[Result "0-1"]
[WhiteTitle "WGM"]
[BlackTitle "WFM"]
[WhiteElo "2266"]
[BlackElo "2319"]
[WhiteTeam "Queens"]
[BlackTeam "Princesses"]
[WhiteFideId "4108558"]
[BlackFideId "24173371"]
[EventDate "2016.12.21"]

1. d4 Nf6 2. Nf3 e6 3. c4 c5 4. g3 cxd4 5. Nxd4 Bb4+ 6. Bd2 Bc5 7. Nb3 Bb6 8.
Nc3 O-O 9. Bg2 Nc6 10. c5 Bc7 11. Nb5 Bb8 12. O-O a6 13. Nd6 Ne8 14. Nc4 d5 15.
Nb6 Ra7 16. Bc3 Bc7 17. Nxc8 Qxc8 18. e4 dxe4 19. Bxe4 f5 20. Bg2 Nf6 21. Qd2 e5
22. Rad1 Ra8 23. Rfe1 e4 24. Qg5 h6 25. Qc1 f4 26. Bxf6 Rxf6 27. Qc4+ Kh8 28.
Qxe4 Qf8 29. Nd4 fxg3 30. fxg3 Qxc5 31. Kh1 Qh5 32. Bf3 Qf7 33. Nxc6 Rxf3 34.
Ne7 Rf6 35. Rd7 Rf1+ 36. Kg2 Rf2+ 37. Kh3 Qh5+ 38. Qh4 Qxh4+ 39. gxh4 Rxh2+ 40.
Kg4 Rg2+ 41. Kf3 Rg3+ 42. Ke2 Ba5 43. Rf1 Re8 44. Rxb7 Bd8 45. Rf7 Bxe7 46.
Rfxe7 Rxe7+ 47. Rxe7 Rg2+ 48. Kf3 Rxb2 49. a4 Rb4 50. h5 Rxa4 51. Re8+ Kh7 52.
Kg3 Ra5 53. Kg4 Rg5+ 54. Kh4 Rg1 55. Ra8 Ra1 56. Kg4 a5 57. Kg3 a4 58. Kh2 a3
59. Kg3 g5 60. hxg6+ Kxg6 61. Ra5 h5 62. Kg2 h4 63. Ra4 Kg5 64. Ra5+ Kf4 65.
Ra4+ Ke3 66. Rxh4 Ra2+ 67. Kf1 Rf2+ 68. Kg1 a2 69. Ra4 Rc2 70. Ra7 Rc1+ 0-1

[Event "Nutcracker Rapid w 2016"]
[Site "Moscow RUS"]
[Date "2016.12.22"]
[Round "5.2"]
[White "Galliamova, Alisa"]
[Black "Solozhenkina, Elizaveta"]
[Result "1-0"]
[WhiteTitle "IM"]
[BlackTitle "WIM"]
[WhiteElo "2443"]
[BlackElo "2269"]
[WhiteTeam "Queens"]
[BlackTeam "Princesses"]
[WhiteFideId "4129725"]
[BlackFideId "34106615"]
[EventDate "2016.12.21"]

1. d4 Nf6 2. c4 g6 3. g3 c6 4. Bg2 d5 5. Qa4 a6 6. cxd5 b5 7. Qb3 cxd5 8. a4 Nc6
9. Nf3 b4 10. O-O Bg7 11. Bg5 Ne4 12. Be3 O-O 13. Rc1 Bb7 14. a5 e6 15. Nbd2 Nd6
16. Qa4 Rc8 17. Nb3 Nc4 18. Nc5 Qe7 19. b3 N4xa5 20. Ne5 Rfd8 21. f4 f6 22. Ned3
e5 23. Nxb4 exd4 24. Bf2 Nxb4 25. Qxb4 Nxb3 26. Qxb3 Rxc5 27. Rxc5 Qxc5 28. Qxb7
Kh8 29. Qxa6 f5 30. Qd3 Rb8 31. h4 h5 32. Rd1 Rb4 33. Qa3 Qc3 34. Qa8+ Kh7 35.
Qxd5 Qc2 36. Re1 Qd2 37. Qf3 Rb2 38. Qd3 Qc3 39. Rd1 Rb4 40. Be1 Qxd3 41. Rxd3
Rb2 42. Bf3 Kh6 43. Bf2 Rb1+ 44. Kg2 Rb4 45. Bd5 Bf6 46. Rb3 Ra4 47. Rb6 Kg7 48.
Rb7+ Kh6 49. Bg8 Bg7 50. Bf7 Bf6 51. Be1 Ra6 52. Bb4 Bg7 53. Kf2 Rc6 54. Bg8 Rc8
55. Bb3 Rc6 56. Ke1 Ra6 57. Kd2 Rc6 58. Kd3 Rc1 59. Bg8 Rc8 60. Bc4 Re8 61. Re7
Rb8 62. Bc5 Rc8 63. Bxd4 Rd8 64. Rxg7 1-0

[Event "Nutcracker Rapid w 2016"]
[Site "Moscow RUS"]
[Date "2016.12.22"]
[Round "5.3"]
[White "Shuvalova, Polina"]
[Black "Kovalevskaya, Ekaterina"]
[Result "1-0"]
[WhiteTitle "WIM"]
[BlackTitle "IM"]
[WhiteElo "2383"]
[BlackElo "2430"]
[WhiteTeam "Princesses"]
[BlackTeam "Queens"]
[WhiteFideId "24171760"]
[BlackFideId "4116704"]
[EventDate "2016.12.21"]

1. e4 c5 2. Nf3 Nc6 3. Bb5 g6 4. Bxc6 bxc6 5. O-O Bg7 6. Re1 Nh6 7. c3 O-O 8. d4
cxd4 9. cxd4 d5 10. e5 f6 11. exf6 exf6 12. b3 Bg4 13. h3 Bxf3 14. Qxf3 Re8 15.
Rd1 Nf7 16. Nc3 f5 17. Be3 Ng5 18. Bxg5 Qxg5 19. Rac1 Qh4 20. Qd3 Re6 21. Ne2
Rae8 22. g3 Qe4 23. Nf4 Qxd3 24. Nxd3 Bxd4 25. Nf4 Re4 26. Rxc6 Re1+ 27. Rxe1
Rxe1+ 28. Kg2 Rd1 29. Rc2 Bb6 30. Kf3 d4 31. Ke2 Ra1 32. Nd5 Kf7 33. Nxb6 axb6
34. Kd3 Rd1+ 35. Rd2 Rh1 36. h4 f4 37. Kxd4 Ke6 38. Kc4 Rg1 39. gxf4 Rg4 40. Kb5
Rxh4 41. Kxb6 Rxf4 42. Kb5 h5 43. a4 h4 44. a5 h3 45. a6 h2 46. Rd1 Rxf2 47. a7
Ra2 48. Kb6 g5 49. Rh1 g4 50. Rxh2 Rxh2 51. a8=Q Rd2 52. Qe4+ Kd7 53. Qxg4+ Kd6 1-0

[Event "Nutcracker Rapid w 2016"]
[Site "Moscow RUS"]
[Date "2016.12.22"]
[Round "5.4"]
[White "Maltsevskaya, Aleksandra"]
[Black "Zaiatz, Elena"]
[Result "1/2-1/2"]
[BlackTitle "IM"]
[WhiteElo "2251"]
[BlackElo "2313"]
[WhiteTeam "Princesses"]
[BlackTeam "Queens"]
[WhiteFideId "24174041"]
[BlackFideId "4139518"]
[EventDate "2016.12.21"]

1. e4 e5 2. Nf3 Nc6 3. Bb5 a6 4. Ba4 Nf6 5. O-O Be7 6. Re1 b5 7. Bb3 d6 8. c3
O-O 9. h3 Nb8 10. d4 Nbd7 11. Nbd2 Bb7 12. Bc2 Re8 13. Nf1 Bf8 14. Ng3 g6 15. b3
c6 16. Bg5 h6 17. Be3 Qc7 18. Qd2 Kh7 19. Nh2 Bg7 20. Ng4 Nxg4 21. hxg4 exd4 22.
cxd4 c5 23. Rac1 Qd8 24. dxc5 Nxc5 25. Rcd1 Nxe4 26. Nxe4 Bxe4 27. Bxe4 Rxe4 28.
Qxd6 Qxd6 29. Rxd6 a5 30. Rd7 Kg8 31. Red1 a4 32. Rd8+ Rxd8 33. Rxd8+ Kh7 34.
Rd7 Kg8 35. Rd8+ Kh7 36. Rd7 Kg8 1/2-1/2